| 000 | 00629nam a2200181Ia 4500 | ||
|---|---|---|---|
| 003 | GCL | ||
| 005 | 20240530103621.0 | ||
| 008 | 140319s9999 xx 000 0 ara d | ||
| 040 |
_aGCL / _cGCL |
||
| 082 | 0 | 4 |
_a932.096 _bق/م ت |
| 100 | 1 | _aمحمد السيد محمد عبدالغنى | |
| 245 | 1 | 0 |
_aتاريخ مصر تحت حكم الرومان / _cمحمد السيد محمد عبدالغنى |
| 260 |
_aالقاهرة : _bدار المعرفة الجامعية ، _c1992 |
||
| 300 |
_a295 ص ؛ _c24 سم |
||
| 650 | 0 | 4 | _aالامبراطورية الرومانية |
| 650 | 0 | 4 |
_aمصر _xتاريخ |
| 942 |
_2ddc _cBK |
||
| 999 |
_c41205 _d41205 |
||